| 000 | 00702nam a2200205Ia 4500 | ||
|---|---|---|---|
| 003 | GCL | ||
| 008 | 140319s9999 xx 000 0 ara d | ||
| 040 |
_aGCL / _cGCL |
||
| 082 | 0 | 4 |
_a398.9 _bك ا |
| 100 | 1 | _aكرلو لندبرج الاسوجى | |
| 245 | 1 | 0 |
_aالامثال السائرة والاقوال الدائرة عند اولاد العرب Proverbes et Dictons du Peuple Arabe / _cكرلو لندبرج الاسوجى |
| 260 |
_a[S.N] : _bدار صادر ، _c1883 |
||
| 300 | _a460 ص | ||
| 490 | _a | ||
| 650 | 0 | 4 | _aالاهاجى والفكاهات |
| 650 | 0 | 4 | _aالادب الشعبى |
| 650 | 0 | 4 | _aالامثال العامية |
| 650 | 0 | 4 | _aالامثال |
| 942 |
_2ddc _cBK |
||
| 999 |
_c31471 _d31471 |
||